| 000 | 00822cab a2200229 4500 | ||
|---|---|---|---|
| 001 | WB3418-38 | ||
| 008 | 090401t1998 xxu||||| |||| 00| 0 eng d | ||
| 035 | _a(Sirsi) u86205 | ||
| 041 | _aeng | ||
| 245 | _aRight to regulate | ||
| 260 | _c1998 | ||
| 350 | _a0 | ||
| 490 |
_aRICS Press Release _v(p553.corp) 1 May 1998 (1) |
||
| 520 | _aThe RICs has succeeded in in the High Court in defending its right to regulate its membership. The judge decided that the RICS had acted reasonably in expelling a member whose bankruptcy was found to be `conduct unbefitting a chartered surveyor`. | ||
| 650 | _aBANKRUPTCY | ||
| 650 | _aPROFESSIONAL CONDUCT | ||
| 650 | _aRICS DISCIPLINARY TRIBUNAL | ||
| 650 | _aRICS | ||
| 690 | _aMANAGEMENT-BUSINESS MANAGEMENT-PROFESSIONAL PRACTICE | ||
| 942 | _n0 | ||
| 948 | _c14/05/1998 | ||
| 999 |
_c54227 _d54227 |
||